<?xml version="1.0" encoding="UTF-8"?>
<record
    xmlns:xsi="http://www.w3.org/2001/XMLSchema-instance"
    xsi:schemaLocation="http://www.loc.gov/MARC21/slim http://www.loc.gov/standards/marcxml/schema/MARC21slim.xsd"
    xmlns="http://www.loc.gov/MARC21/slim">

  <leader>01001nam a22002777a 4500</leader>
  <controlfield tag="008">240821b        mp ||||| |||| 00| 0 mon d</controlfield>
  <datafield tag="020" ind1=" " ind2=" ">
    <subfield code="a">978-9919-518-07-3</subfield>
  </datafield>
  <datafield tag="035" ind1=" " ind2=" ">
    <subfield code="a">10365</subfield>
  </datafield>
  <datafield tag="040" ind1=" " ind2=" ">
    <subfield code="a">DXO45059</subfield>
    <subfield code="b">mon</subfield>
    <subfield code="c">MN-UlNLM</subfield>
    <subfield code="d">MN-UlNLM</subfield>
    <subfield code="e">rda</subfield>
  </datafield>
  <datafield tag="041" ind1=" " ind2=" ">
    <subfield code="a">mon</subfield>
  </datafield>
  <datafield tag="082" ind1=" " ind2=" ">
    <subfield code="2">10-t</subfield>
    <subfield code="a">808.899 282</subfield>
    <subfield code="b">&#x412;- 67</subfield>
  </datafield>
  <datafield tag="100" ind1=" " ind2=" ">
    <subfield code="a">&#x412;&#x43E;&#x43B;&#x43B;&#x438;&#x430;&#x43C;&#x441;. &#x414;</subfield>
  </datafield>
  <datafield tag="245" ind1=" " ind2="0">
    <subfield code="a">&#x413;&#x430;&#x43D;&#x433;&#x441;&#x442;&#x430; &#x44D;&#x43C;&#x44D;&#x44D; &#x434;&#x430;&#x432;&#x442;&#x430;&#x43D; &#x445;&#x44D;&#x440;&#x44D;&#x433;</subfield>
  </datafield>
  <datafield tag="245" ind1=" " ind2="0">
    <subfield code="b">&#x445;&#x4AF;&#x4AF;&#x445;&#x434;&#x438;&#x439;&#x43D; &#x443;&#x440;&#x430;&#x43D; &#x437;&#x43E;&#x445;&#x438;&#x43E;&#x43B;</subfield>
  </datafield>
  <datafield tag="245" ind1=" " ind2="0">
    <subfield code="c">&#x420;&#x435;&#x434;: &#x411;. &#x411;&#x430;&#x442;&#x446;&#x44D;&#x446;&#x44D;&#x433;</subfield>
  </datafield>
  <datafield tag="250" ind1=" " ind2=" ">
    <subfield code="a">2</subfield>
  </datafield>
  <datafield tag="264" ind1=" " ind2=" ">
    <subfield code="a">&#x423;&#x43B;&#x430;&#x430;&#x43D;&#x431;&#x430;&#x430;&#x442;&#x430;&#x440;</subfield>
    <subfield code="b">&#x410;&#x434;&#x43C;&#x43E;&#x43D; &#x43F;&#x440;&#x438;&#x43D;&#x442; &#x425;&#x425;&#x41A;</subfield>
    <subfield code="c">2022</subfield>
  </datafield>
  <datafield tag="300" ind1=" " ind2=" ">
    <subfield code="a">438&#x445;&#x445;.</subfield>
  </datafield>
  <datafield tag="336" ind1=" " ind2=" ">
    <subfield code="2">rdacontent</subfield>
    <subfield code="a">text</subfield>
    <subfield code="b">txt</subfield>
  </datafield>
  <datafield tag="337" ind1=" " ind2=" ">
    <subfield code="2">rdamedia</subfield>
    <subfield code="a">unmediated</subfield>
    <subfield code="b">n</subfield>
  </datafield>
  <datafield tag="338" ind1=" " ind2=" ">
    <subfield code="2">rdacarrier</subfield>
    <subfield code="a">volume</subfield>
    <subfield code="b">nc</subfield>
  </datafield>
  <datafield tag="505" ind1=" " ind2=" ">
    <subfield code="t">&#x445;&#x4AF;&#x4AF;&#x445;&#x434;&#x438;&#x439;&#x43D; &#x443;&#x440;&#x430;&#x43D; &#x437;&#x43E;&#x445;&#x438;&#x43E;&#x43B;; &#x44D;&#x43B;&#x44D;&#x433; &#x445;&#x4E9;&#x448;&#x4E9;&#x4E9;&#x43C; &#x445;&#x4E9;&#x433;&#x436;&#x4E9;&#x4E9;&#x43D;&#x442;&#x44D;&#x439; &#x437;&#x43E;&#x445;&#x438;&#x43E;&#x43B;; &#x413;&#x430;&#x43D;&#x433;&#x441;&#x442;&#x430; &#x44D;&#x43C;&#x44D;&#x44D;; &#x413;&#x430;&#x43D;&#x433;&#x441;&#x442;&#x430; &#x44D;&#x43C;&#x44D;&#x44D; &#x434;&#x430;&#x432;&#x442;&#x430;&#x43D; &#x445;&#x44D;&#x440;&#x44D;&#x433;; 0</subfield>
  </datafield>
  <datafield tag="650" ind1=" " ind2=" ">
    <subfield code="a">13477</subfield>
  </datafield>
  <datafield tag="942" ind1=" " ind2=" ">
    <subfield code="2">10-t</subfield>
    <subfield code="c">BK</subfield>
  </datafield>
  <datafield tag="952" ind1=" " ind2=" ">
    <subfield code="0">0</subfield>
    <subfield code="1">0</subfield>
    <subfield code="4">0</subfield>
    <subfield code="6">808899_282_&#x412;_67</subfield>
    <subfield code="7">0</subfield>
    <subfield code="8">DXO455</subfield>
    <subfield code="a">DXO45059</subfield>
    <subfield code="b">DXO45059</subfield>
    <subfield code="c">DXO455</subfield>
    <subfield code="d">2024-08-22</subfield>
    <subfield code="g">19900.00</subfield>
    <subfield code="l">0</subfield>
    <subfield code="o">808.899 282 &#x412;- 67</subfield>
    <subfield code="p">DXO4510013477</subfield>
    <subfield code="r">2024-08-22</subfield>
    <subfield code="t">10013477</subfield>
    <subfield code="y">BK</subfield>
  </datafield>
  <datafield tag="952" ind1=" " ind2=" ">
    <subfield code="0">0</subfield>
    <subfield code="1">0</subfield>
    <subfield code="4">0</subfield>
    <subfield code="6">808899_282_&#x412;_67</subfield>
    <subfield code="7">0</subfield>
    <subfield code="8">DXO455</subfield>
    <subfield code="a">DXO45059</subfield>
    <subfield code="b">DXO45059</subfield>
    <subfield code="c">DXO455</subfield>
    <subfield code="d">2024-08-22</subfield>
    <subfield code="g">19900.00</subfield>
    <subfield code="l">0</subfield>
    <subfield code="o">808.899 282 &#x412;- 67</subfield>
    <subfield code="p">DXO4510013478</subfield>
    <subfield code="r">2024-08-22</subfield>
    <subfield code="t">10013478</subfield>
    <subfield code="y">BK</subfield>
  </datafield>
  <datafield tag="999" ind1=" " ind2=" ">
    <subfield code="c">1135138</subfield>
    <subfield code="d">1135195</subfield>
  </datafield>
</record>
